Произведения Владимира Маяковского - Армагеддон - Statistics

General Stats
  • This quiz has been taken 22 times
  • The average score is 5 of 25
Answers on the Grid
Answers color-coded by a green-red scale on the quiz's grid according to % correct below.
Послушайте
Красный смех
Я не люблю
Бедные люди
Владимир Ильич Ленин
Песня о Соколе
Война и мир
Хорошо!
Лиличка
Человек
Потец
Завещание
Смерть поэта
Распад атома
Письмо к женщине
Париж
Мистерия-буфф
Ананасы в шампанском
Реквием
Путешествие из Петербурга в Москву
Чужое небо
Закованная фильмой
Гляну в поле, гляну в небо
История Власа, лентяя и лоботряса
150000000
Флейта-позвоночник
Клоп
Нате!
Левый марш
Незнакомка
Несколько слов обо мне самом
Барышня и хулиган
Люблю
Двенадцать
Пощёчина общественному вкусу
Мы живём, под собою не чуя страны
Это не любовь
Во весь голос
Чёрный человек
Елизавета Бам
Витамин роста
А вы могли бы?
Облако в штанах
Баня
Алый меч
Христос и Антихрист
Окна РОСТА
Отравленная туника
Прозаседавшиеся
Москва кабацкая
 
Answer Stats
Answer % Correct
Послушайте
45%
Лиличка
40%
Клоп
40%
Облако в штанах
40%
Нате!
35%
Окна РОСТА
35%
Хорошо!
30%
А вы могли бы?
30%
Владимир Ильич Ленин
25%
Левый марш
25%
Пощёчина общественному вкусу
25%
Мистерия-буфф
20%
Несколько слов обо мне самом
15%
Барышня и хулиган
15%
Баня
15%
Прозаседавшиеся
15%
150000000
15%
Париж
10%
Флейта-позвоночник
10%
Во весь голос
10%
История Власа, лентяя и лоботряса
5%
Люблю
5%
Война и мир
0%
Человек
0%
Закованная фильмой
0%
No matching quizzes found
Score Distribution
Percent of People with Each Score
Percentile by Number Answered
Your Score History
You have not taken this quiz